Estadísticas para Copa Mundial de Baloncesto - Top 4

Haz click aquí para intentar la prueba.

Estadísticas generales

  • Esta prueba ha sido intentada 306 veces
  • La puntuación promedio es 63 de 72

Estadísticas de respuestas

Respuesta% Correcto
España
100%
España
100%
España
100%
Estados Unidos
100%
Estados Unidos
100%
Estados Unidos
100%
Estados Unidos
100%
Estados Unidos
100%
Estados Unidos
100%
Estados Unidos
100%
Estados Unidos
100%
Estados Unidos
100%
Estados Unidos
100%
Estados Unidos
100%
Estados Unidos
100%
Estados Unidos
100%
Estados Unidos
100%
Argentina
98%
Argentina
98%
Argentina
98%
Argentina
98%
Francia
98%
Francia
98%
Francia
98%
Alemania
95%
Unión Soviética
95%
Unión Soviética
95%
Unión Soviética
95%
Unión Soviética
95%
Unión Soviética
95%
Unión Soviética
95%
Unión Soviética
95%
Unión Soviética
95%
Brasil
92%
Brasil
92%
Brasil
92%
Brasil
92%
Brasil
92%
Brasil
92%
Brasil
92%
Brasil
92%
Rusia
91%
Rusia
91%
Australia
90%
Serbia
90%
Serbia
90%
Italia
89%
Italia
89%
Grecia
87%
Grecia
87%
Grecia
87%
Yugoslavia
86%
Yugoslavia
86%
Yugoslavia
86%
Yugoslavia
86%
Yugoslavia
86%
Yugoslavia
86%
Yugoslavia
86%
Yugoslavia
86%
Yugoslavia
86%
Yugoslavia
86%
Lituania
84%
Lituania
84%
Croacia
79%
Turquia
72%
Nueva Zelanda
53%
Chile
51%
Chile
51%
Cuba
44%
Puerto Rico
35%
Filipinas
22%
Taiwan
12%

Distribución de puntuación

Porcentaje por número respondido

Porcentaje de gente con cada puntuación

Historial de tus puntuaciones

No has intentado esta prueba.